| 000 | 00732nam a2200241Ia 4500 | ||
|---|---|---|---|
| 001 | 8940 | ||
| 003 | GE_BSU | ||
| 008 | 181216s||||||||xx |||||||||||||| ||und|| | ||
| 040 | _cGE_BSU | ||
| 080 | _a821.353.1-32 | ||
| 100 | _aკვიცარიძე, დავით | ||
| 245 | _aმუზარადი | ||
| 245 | _bმოთხრობა | ||
| 245 | _cრედ.კონსტანტინე ლორთქიფანიძე | ||
| 260 | _aთბილისი. | ||
| 260 | _bნაკადული. | ||
| 260 | _c1970 | ||
| 300 | _a31გვ;16სმ. | ||
| 300 | _bგარეკანზე ფოტო. | ||
| 653 | _aმოთხრობა | ||
| 653 | _aმუზარადი | ||
| 942 | _cBK | ||
| 999 |
_c42245 _d42245 |
||